[Event "Mid Bohemia Region-chT 2223"]
[Site "Czech Republic"]
[Date "2022.11.27"]
[Round "4.8"]
[White "Voracek, Zdenek"]
[Black "Pobrislova, Ivana"]
[Result "1-0"]
[WhiteElo "1917"]
[BlackElo "1216"]
[PlyCount "51"]
[EventDate "2022.10.09"]
[EventType "team-tourn"]
[EventRounds "11"]
[EventCountry "CZE"]
[SourceTitle "EXT 2024"]
[Source "ChessBase"]
[SourceDate "2023.10.10"]
[SourceVersion "1"]
[SourceVersionDate "2023.10.10"]
[SourceQuality "1"]
[WhiteTeam "Ricany III"]
[BlackTeam "Odolena Voda Aero"]
[WhiteTeamCountry "CZE"]
[BlackTeamCountry "CZE"]

1. d4 g6 2. c4 Bg7 3. Nc3 e6 4. e4 Ne7 5. Be3 Nbc6 6. Qd2 d5 7. Nf3 b6 8. Rd1 Bb7 9. cxd5 exd5 10. e5 Qd7 11. Bb5 a6 12. Ba4 b5 13. Bb3 b4 14. Na4 0-0 15. Nc5 Qc8 16. Bc2 a5 17. Bd3 Nf5 18. Bxf5 gxf5 19. Bh6 Ne7 20. h4 Kh8 21. Bxg7+ Kxg7 22. Qg5+ Kh8 23. Qxe7 Bc6 24. Qf6+ Kg8 25. Rh3 Bb5 26. Rg3# 1-0